| 000 | 00379cam a22001217a 4500 | ||
|---|---|---|---|
| 008 | 180718b1972 xxu||||| |||| 00| 0 eng d | ||
| 082 | _aA81x54 In2/71/1/Pap1/1972 | ||
| 100 | _aCensus of India 1971 | ||
| 245 | _aIndia: final population | ||
| 260 |
_aDelhi _bThe Manager of Publications _c1972 |
||
| 300 | _a155+p. | ||
| 440 | _aCensus of India 1971. Series-1, India. Paper 1 of 1972 | ||
| 999 |
_c484805 _d484805 |
||